<?xml version="1.0" encoding="UTF-8"?>
<record
    xmlns:xsi="http://www.w3.org/2001/XMLSchema-instance"
    xsi:schemaLocation="http://www.loc.gov/MARC21/slim http://www.loc.gov/standards/marcxml/schema/MARC21slim.xsd"
    xmlns="http://www.loc.gov/MARC21/slim">

  <leader>01538nam a22002657a 4500</leader>
  <controlfield tag="008">170819s2005        sz||||| |||| 00| 0 spa d</controlfield>
  <datafield tag="020" ind1=" " ind2=" ">
    <subfield code="a">3775716637</subfield>
  </datafield>
  <datafield tag="082" ind1="0" ind2="4">
    <subfield code="a">735.23047</subfield>
    <subfield code="b">L592o</subfield>
  </datafield>
  <datafield tag="100" ind1="1" ind2=" ">
    <subfield code="a">Herzog, Hans-Michael.</subfield>
    <subfield code="9">5924</subfield>
  </datafield>
  <datafield tag="245" ind1="1" ind2="0">
    <subfield code="a">Le parc lumi&#xE8;re :</subfield>
    <subfield code="b">obras cin&#xE9;ticas de Julio Le Parc /</subfield>
    <subfield code="c">editado por Hans-Michael Herzog.</subfield>
  </datafield>
  <datafield tag="246" ind1="2" ind2="1">
    <subfield code="a">Le parc lumi&#xE8;re :</subfield>
    <subfield code="b">kinetic works by Julio Le Parc.</subfield>
  </datafield>
  <datafield tag="250" ind1=" " ind2=" ">
    <subfield code="a">1a edici&#xF3;n.</subfield>
  </datafield>
  <datafield tag="260" ind1=" " ind2=" ">
    <subfield code="a">Suiza :</subfield>
    <subfield code="b">Daros-Latinamerica,</subfield>
    <subfield code="c">2005.</subfield>
  </datafield>
  <datafield tag="300" ind1=" " ind2=" ">
    <subfield code="a">191 p&#xE1;ginas :</subfield>
    <subfield code="b">ilustraciones en color.</subfield>
  </datafield>
  <datafield tag="500" ind1=" " ind2=" ">
    <subfield code="a">Cat&#xE1;logo publicado con motivo a la exposici&#xF3;n "Le parc lumi&#xE8;re: obras cin&#xE9;ticas de Julio Le Parc", presentada del 4 de junio al 9 de octubre de 2005, en Daros Exhibitions en Z&#xFA;rich.</subfield>
  </datafield>
  <datafield tag="505" ind1="0" ind2=" ">
    <subfield code="t">Prefacio / Foreword.</subfield>
    <subfield code="t">Conversaci&#xF3;n entre Hans-Michael Herzog y Julio Le Parc / Conversation between Hans-Michel Herzog and Julio Le Parc.</subfield>
    <subfield code="t">Moviendo lo cin&#xE9;tico: espacio, arquitectura y p&#xFA;blico en la obra de Julio Le Parc / Sebasti&#xE1;n L&#xF3;pez: moving the kinetic: space, architecture and public in the work of Julio Le Parc.</subfield>
    <subfield code="r">Sebasti&#xE1;n L&#xF3;pez.</subfield>
    <subfield code="t">Lumi&#xE8;re: Obras / Works.</subfield>
    <subfield code="t">Manifiestos y panfletos / Manifestos ans pamphlets.</subfield>
    <subfield code="t">Introducci&#xF3;n / Introduction</subfield>
    <subfield code="r">Sebasti&#xE1;n L&#xF3;pez.</subfield>
    <subfield code="t">Le Parc Lumi&#xE8;re: la construcci&#xF3;n / The construction.</subfield>
  </datafield>
  <datafield tag="653" ind1="1" ind2="0">
    <subfield code="a">Arte contempor&#xE1;neo</subfield>
  </datafield>
  <datafield tag="653" ind1="1" ind2="0">
    <subfield code="a">Fotograf&#xED;a</subfield>
  </datafield>
  <datafield tag="653" ind1="1" ind2="0">
    <subfield code="a">Fot&#xF3;grafos - Argentina</subfield>
  </datafield>
  <datafield tag="653" ind1="1" ind2="0">
    <subfield code="a">Arte cin&#xE9;tico</subfield>
  </datafield>
  <datafield tag="653" ind1="1" ind2="0">
    <subfield code="a">Cat&#xE1;logo de exhibici&#xF3;n</subfield>
  </datafield>
  <datafield tag="653" ind1="1" ind2="0">
    <subfield code="a">Exhibiciones</subfield>
  </datafield>
  <datafield tag="653" ind1="1" ind2="0">
    <subfield code="a">Arte &#xF3;ptico </subfield>
  </datafield>
  <datafield tag="653" ind1="1" ind2="0">
    <subfield code="a">Instalaci&#xF3;n</subfield>
  </datafield>
  <datafield tag="999" ind1=" " ind2=" ">
    <subfield code="c">1260</subfield>
    <subfield code="d">1260</subfield>
  </datafield>
  <datafield tag="952" ind1=" " ind2=" ">
    <subfield code="0">0</subfield>
    <subfield code="1">0</subfield>
    <subfield code="2">ddc</subfield>
    <subfield code="4">0</subfield>
    <subfield code="7">0</subfield>
    <subfield code="a">LV</subfield>
    <subfield code="b">LV</subfield>
    <subfield code="c">Monograf&#xED;as</subfield>
    <subfield code="d">2017-08-19</subfield>
    <subfield code="l">0</subfield>
    <subfield code="o">735.23047 L592o</subfield>
    <subfield code="p">000879</subfield>
    <subfield code="r">2017-08-19 00:00:00</subfield>
    <subfield code="w">2017-08-19</subfield>
    <subfield code="y">01</subfield>
  </datafield>
</record>
